000
00253nam a2200097Ia 4500
008
220204s9999 xx 000 0 und d
082
_a
912
_b
IND
245
0
_a
Rashtriya Panchang
260
_a
New Delhi
_b
Director General of observations
_c
1960
942
_c
BK
999
_c
22258
_d
22258